Drug discovery and evaluation : (رقم التسجيلة. 31849)

تفاصيل مارك
000 -الفاتح
حقل البيانات ثابتة الطول 01033cam a22003014a 4500
001 - رقم الضبط
رقم الضبط 14979048
003 - محدد رقم الضبط
رقم الضبط OSt
005 - وقت وتاريخ اخر تعامل مع التسجيلة
رقم الضبط 20150408114149.0
008 - عناصر البيانات ثابتة الطول - معلومات عامة
حقل البيانات ثابتة الطول 070824s2008 nyua b 001 0 eng
010 ## - رقم ضبط مكتبة الكونجرس
رقم ضبط مكتبة الكونجرس 2007936031
020 ## - الرقم الدولى المعيارى للكتب
الرقم الدولى المعيارى للكتاب 9783540714200 (alk. paper)
020 ## - الرقم الدولى المعيارى للكتب
الرقم الدولى المعيارى للكتاب 9783540714200
040 ## - مصدر الفهرسة
وكالة الفهرسة الأصلية DLC
وكالة النسخ DLC
وكالة التعديل DLC
050 00 - رقم طلب مكتبة الكونجرس
رقم التصنيف RM301.25
رقم المادة .V64 2008
082 00 - رقم تصنيف ديوى العشرى
رقم التصنيف 615.19
رقم الطبعة 22
رقم المادة DRD
245 00 - بيان العنوان
العنوان Drug discovery and evaluation :
بقية العنوان pharmacological assays /
بيان المسئوليه,etc H. Gerhard Vogel (ed.)
250 ## - بيان الطبعة
بيان الطبعة 3rd completely rev., updated, and enl. ed.
260 ## - PUBLICATION, DISTRIBUTION, ETC. (IMPRINT)
مكان الناشر او الموزع Berlin ;
-- New York :
اسم الناشر او الموزع Springer,
تاريخ النشر أو التوزيع c2008.
300 ## - الوصف المادى
التعداد 2 v. (lviii, 2071 p.) :
تفاصيل ماديه اخرى للوعاء ill. ;
أبعاد الوعاء 28 cm.
504 ## - تبصرة ببليوجرافية
تبصرة ببليوجرافية,الخ Includes bibliographical references and index.
650 #0 - المدخل الاضافى بالموضوع-مصطلح موضوعى
مصطلح موضوعي أو اسم جغرافي كعنصر مدخل Pharmacology, Experimental.
9 (RLIN) 39336
650 #0 - المدخل الاضافى بالموضوع-مصطلح موضوعى
مصطلح موضوعي أو اسم جغرافي كعنصر مدخل Drugs
التقسيم الفرعي العام Design.
9 (RLIN) 16095
650 #0 - المدخل الاضافى بالموضوع-مصطلح موضوعى
مصطلح موضوعي أو اسم جغرافي كعنصر مدخل Drugs
التقسيم الفرعي العام Testing.
9 (RLIN) 18848
700 1# - المدخل الاضافى - اسم شخصى
الإسم الشخصى Vogel, H. Gerhard,
التواريخ المصاحبة للاسم 1927-
9 (RLIN) 39139
906 ## - عنصر بيانات محلى F, LDF (RLIN)
a 7
b cbc
c orignew
d 2
e epcn
f 20
g y-gencatlg
942 ## - عناصر المدخل الإضافي( كوها)
مصدر التصنيف او مخطط الترفيف Dewey Decimal Classification
Koha [default] item type كتاب
المقتنيات
حالة الفقد نموذج السعر الفعال حالة تلف ليس للاعارة رقم الطلب رقم النسخة تاريخ الاكتساب الموقع الحالي الباركود الفرع الرئيسي Date last seen نوع المادة فى نظام كوها مصدر التصنيف او خطة الترفيف Total Checkouts
  2013-11-03     615.19 DRD V1 2013-11-03 المكتبة المركزية بالمجمعة (CL) 00404613 المكتبة المركزية بالمجمعة (CL) 2013-11-03 كتاب Dewey Decimal Classification  
  2013-11-03     615.19 DRD V1 2013-11-03 المكتبة المركزية بالمجمعة (CL) 00404614 المكتبة المركزية بالمجمعة (CL) 2013-11-03 كتاب Dewey Decimal Classification  
  2013-11-03     615.19 DRD V1 2013-11-03 المكتبة المركزية بالمجمعة (CL) 00404615 المكتبة المركزية بالمجمعة (CL) 2013-11-03 كتاب Dewey Decimal Classification  
  2013-11-03     615.19 DRD V2 2013-11-03 المكتبة المركزية بالمجمعة (CL) 00404616 المكتبة المركزية بالمجمعة (CL) 2013-11-03 كتاب Dewey Decimal Classification  
  2013-11-03     615.19 DRD V2 2013-11-03 المكتبة المركزية بالمجمعة (CL) 00404617 المكتبة المركزية بالمجمعة (CL) 2013-11-03 كتاب Dewey Decimal Classification  
  2013-11-03     615.19 DRD V2 2013-11-03 المكتبة المركزية بالمجمعة (CL) 00404618 المكتبة المركزية بالمجمعة (CL) 2013-11-03 كتاب Dewey Decimal Classification  
  2013-11-03     615.19 DRD V1 2013-11-03 مكتبة مجمع الكليات بالزلفى - طلاب (SZM) 00404619 مكتبة مجمع الكليات بالزلفى - طلاب (SZM) 2013-11-03 كتاب Dewey Decimal Classification  
  2013-11-03     615.19 DRD V1 2013-11-03 مكتبة مجمع الكليات بالزلفى - طلاب (SZM) 00404620 مكتبة مجمع الكليات بالزلفى - طلاب (SZM) 2013-11-03 كتاب Dewey Decimal Classification  
  2013-11-03     615.19 DRD V2 2013-11-03 مكتبة مجمع الكليات بالزلفى - طلاب (SZM) 00404621 مكتبة مجمع الكليات بالزلفى - طلاب (SZM) 2013-11-03 كتاب Dewey Decimal Classification  
  2013-11-03     615.19 DRD V2 2013-11-03 مكتبة مجمع الكليات بالزلفى - طلاب (SZM) 00404622 مكتبة مجمع الكليات بالزلفى - طلاب (SZM) 2013-11-03 كتاب Dewey Decimal Classification